000 00364pab a2200145 454500
008 180718b2002 xxu||||| |||| 00| 0 eng d
100 _aRay, Jayanta Kumar
245 _aMigration from (East Bengal/East Pakistan) Bangladesh to India
260 _c2002
300 _ap.33-44.
362 _aJan-Mar
650 _aMigration
773 _aDialogue
909 _a51950
999 _c51950
_d51950